The child in the educative process. (Record no. 4611)

MARC details
000 -LEADER
fixed length control field 00642cam a22002291 4500
001 - CONTROL NUMBER
control field 3111026
003 - CONTROL NUMBER IDENTIFIER
control field GBCCL
005 - DATE AND TIME OF LATEST TRANSACTION
control field 20241126110522.0
008 - FIXED-LENGTH DATA ELEMENTS--GENERAL INFORMATION
fixed length control field 721219s1957 nyu 000 0 eng
010 ## -
-- 57006406
040 ## - CATALOGING SOURCE
Original cataloging agency DLC
Transcribing agency DLC
Modifying agency DLC
050 00 -
-- LB1115
-- .P86
082 00 - DEWEY DECIMAL CLASSIFICATION NUMBER
Classification number 136.7
Item number PRE
100 1# - MAIN ENTRY--PERSONAL NAME
Personal name Prescott, Daniel Alfred,
Dates associated with a name 1898-
9 (RLIN) 8495
245 14 - TITLE STATEMENT
Title The child in the educative process.
260 ## - PUBLICATION, DISTRIBUTION, ETC.
Place of publication, distribution, etc. New York,
Name of publisher, distributor, etc. McGraw-Hill,
Date of publication, distribution, etc. 1957.
300 ## - PHYSICAL DESCRIPTION
Extent 502 p.
Dimensions 24 cm.
490 0# - SERIES STATEMENT
Series statement McGraw-Hill series in education
650 #0 - SUBJECT ADDED ENTRY--TOPICAL TERM
Topical term or geographic name entry element Child development.
9 (RLIN) 1190
906 ## - LOCAL DATA ELEMENT F, LDF (RLIN)
a 7
b cbc
c orignew
d u
e ocip
f 19
g y-gencatlg
942 ## - ADDED ENTRY ELEMENTS (KOHA)
Source of classification or shelving scheme Dewey Decimal Classification
Koha item type Books
Holdings
Withdrawn status Lost status Source of classification or shelving scheme Damaged status Not for loan Home library Current Library Shelving location Date acquired Total checkouts Full call number Barcode Date last seen Copy number Price effective from Koha item type
    Dewey Decimal Classification     GRACE BIBLE COLLEGE GRACE BIBLE COLLEGE Philosophy and Religion 2018-01-29   136.7 PRE 000620 2025-05-01 c.1 2018-01-29 Books
© Grace Bible College Library 2025